Quiz sullà città di Taranto - Statistics

Statistiche generali
  • Questo quiz è stato fatto 131 volte
  • Il punteggio medio è 10 su 20
Statistiche sulle risposte
Descrizione Risposta % Corretto
Regione amministrativa di Taranto Puglia
95%
Che cos'è una tarantella? Una danza
93%
Taranto faveca parte di questa regione italiana colonizata dai Greci {Magna} Grecia
87%
Regione e penisola storica sulla quale si trova Taranto S{alento}
86%
Uno di Taranto è un _____ Tarantino
84%
Frazione del Mediterraneo su quale sta Taranto Mar Ionio
82%
Che cos'è una tarantola? Un ragno
81%
Frutti di mare tipichi della cucina di Taranto Cozze
76%
La società ILVA è nota per questa industria altamente inquinante Siderurgia
48%
Castello costruito da Ferdinando II nel XV secolo Castello aragonese
36%
Nome di Taranto sotto dominazione greca Taras
36%
Nome latino di Taranto Tarentum
36%
Monaco irlandese e santo patrono di Taranto San Cataldo
30%
Famoso tempio greco nel centro di Taranto Tempio {Dorico}
25%
Arcipelago al largo di Taranto Cheradi
17%
Conflitto svolto nel 1940 nel porto di Taranto {Notte} di Taranto
16%
Nel medioevo, Taranto era capitale di questo stato {Principato} di Taranto
16%
Conflitto iniziato a Taranto, verso 280 a.C. Guerre {pirriche}
13%
Per questa raggione Taranto produce 90% di queste sostanze tossiche in Italia Diossine
8%
Che cos'è il tarantismo? Una malatia
2%
Nessun quiz corrispondente trovato
Distribuzione punteggi
Percentuale di utenti per punteggio
Percentile per numero di risposta
I tuoi punteggi nel tempo
Non hai fatto questo quiz